000 00312nam a22001337a 4500
008 180202b xxu||||| |||| 00| 0 eng d
020 _a087371184X
041 _aeng
080 _a574
100 _a9
101 _aMJE
245 _aConstructed Wetlands for Wastewater Treatment
_cHammer, D.A
942 _2udc
_cBK
999 _c41655
_d41655